Statistiche per Franchigie NBA

Clicka qui per fare il quiz!

Statistiche generali

  • Questo quiz è stato fatto 946 volte
  • Il punteggio medio è 23 su 30

Statistiche sulle risposte

Franchigie% Corretto
Los Angeles Lakers
98%
Boston Celtics
96%
Chicago Bulls
91%
Golden State Warriors
91%
Miami Heat
90%
Los Angeles Clippers
89%
Milwaukee Bucks
85%
Brooklyn Nets
82%
New York Knicks
81%
San Antonio Spurs
81%
Dallas Mavericks
80%
Toronto Raptors
79%
Orlando Magic
78%
Denver Nuggets
77%
Phoenix Suns
77%
Atlanta Hawks
76%
Utah Jazz
75%
Oklahoma City Thunder
74%
Philadelphia 76ers
74%
Cleveland Cavaliers
73%
Houston Rockets
73%
Sacramento Kings
73%
Detroit Pistons
71%
Charlotte Hornets
69%
Washington Wizards
68%
Memphis Grizzlies
67%
Minnesota Timberwolves
66%
Indiana Pacers
65%
New Orleans Pelicans
62%
Portland Trail Blazers
58%

Distribuzione punteggi

Percentile per numero di risposta

Percentuale di utenti per punteggio

I tuoi punteggi nel tempo

Non hai fatto questo quiz